000 00506nam a2200157 a 4500
001 000044457
005 20201002045404.0
008 140702s2010 bl 000 p spa d
040 _aDO-SdBNP
_bspa
_cBNPHU
082 _axxxx
_bS729L
100 1 _aSouza, Raquel de,
_d1979-
_972475
245 1 0 _aLivremente Mara /
_cRaquel de Souza.
260 _aVarginha, Brasil :
_bEdições Alba,
_c2010.
300 _a130 p. ;
_c21 cm.
500 _aIncluye datos biográficos de la autora en la solapa de la contracubierta
999 _c43946
_d43946